| 000 | 00655nam a2200181 i 4500 | ||
|---|---|---|---|
| 001 | 38531 | ||
| 003 | ES-MaACL | ||
| 005 | 20250901095955.0 | ||
| 007 | t| | ||
| 008 | 030225s1891 sp ||||1| spa d | ||
| 110 | 2 |
_aCámara de Comercio, Industria y Navegación de Madrid _92367 |
|
| 245 | 1 | 0 |
_aMemoria presentada por la Junta directiva a la Asamblea General el 27 de febrero de 1891 / _cCámara de Comercio, Industria y Navegación de Madrid. |
| 260 |
_aMadrid : _b[s.n.], _c1891. |
||
| 300 | _a1 v. | ||
| 610 | 2 | 4 |
_aCámara de Comercio, Industria y Navegación de Madrid- _vMemorias. _9150719 |
| 852 |
_aES-MaACL _jT-538-F-5 |
||
| 999 |
_c38531 _d38531 |
||